000 00786nas a2200253 4500
001 BR0200191
003 BR-BrBNA
005 20231205102709.0
007 ta
008 230509b bl.|||p| |||| 00| 00por d
040 _aBR-BrBNA
_bpor
_cBiblioteca Nacional de Agricultura
041 _a(Pt)
072 _aL70
100 1 _aBrun, M.V.
100 1 _aBeck, C.A. de C.
245 1 _aAplicações clínicas e experimentais da laparoscopia em cães - Artigo de revisão
650 _aCÃO
650 _aLAPAROSCOPIA
650 _aCIRURGIA
650 _aVETERINÁRIA
773 0 _tRevista da Faculdade de Zootecnia, Veterinária e Agronomia (Brazil)
_xISSN 0104-4257
_g(1998-1999), v. 5-6(1) p. 5-11
_wBR0200191
909 _a202311
_bLúcia
_c55
_dLúcia Elande
942 _2AGRIS
_n0
_cANA
999 _c168878
_d168878